Statistics for video games by veiw

Click here to take the quiz!

General Stats

  • This quiz has been taken 8 times
  • The average score is 2 of 6

Answer Stats

Answer% Correct
Fortnite
86%
Minecraft
86%
Slither.io
14%
Fifa
0%
Jetpunk
0%
Simply Piano
0%

Score Distribution

Percentile by Number Answered

Percent of People with Each Score

Your Score History

You have not taken this quiz